Primer of quantum mechanics

Guardat en:
Dades bibliogràfiques
Autor principal: Chester, Marvin (Autor)
Format: Llibre
Idioma:anglès
Publicat: Nueva York Wiley 1987
Matèries:
Etiquetes: Afegir etiqueta
Sense etiquetes, Sigues el primer a etiquetar aquest registre!

MARC

LEADER 00000nam a2200000 a 4500
001 UCX0811
003 CL-VaPUC
008 900319e19870000US |||||||||||||||||eng|d
082 0 4 |a 530.12  |b CHE  |2 21 
100 0 |a Chester, Marvin  |e author  |9 316200 
245 1 0 |a Primer of quantum mechanics 
300 |a 314 p 
942 |c BK 
945 |d 19900319 00:00:00 
260 |a Nueva York  |b Wiley  |c 1987 
650 0 |a Teoría cuántica  |9 266148 
583 |a last modification  |c 19900319 00:00:00  |k Rodrigo Vera 
999 |c 222262  |d 222260 
952 |0 0  |1 0  |4 0  |6 530_120000000000000_CHE_1987  |7 0  |8 A  |9 216719  |a BIBCUR  |b BIBCUR  |d 2019-11-15  |i 2854945  |o 530.12 CHE 1987  |p 2854945  |r 2025-04-22  |w 2019-11-15  |y BK  |k FIS